000 00598nam a2200169 a 4500
001 000007984
005 20200929154359.0
008 090914s2004 dr abc 001 0 spa d
040 _aDO-SdBNP
082 _axxxxx
_bG326c
245 0 0 _aGeneralidades del cultivo de arroz en la República Dominicana /
_cPresentación Ángel Castillo.
260 _aSanto Domingo :
_bInstituto Dominicano de Investigaciones Agropecuarias y Forestales,
_c2004.
300 _a57 p. ;
_c23 cm.
_bil., maps., retrs.
500 _aIncluye una nota al pie de la página
700 1 _aCastillo, Ángel
_97078
049 _aBNPD
999 _c7761
_d7761